Les artistes les plus repris aux Enfoirés - Statistiques

Statistiques générales
  • Ce quiz a été pris 102 fois
  • Le résultat moyen est 11 sur 31
Statistiques - réponses
Total Chanson Medley Artiste % Correct
18 9 9 Jean-Jacques Goldman
81%
50 21 29 Johnny Hallyday
67%
13 4 9 Patrick Bruel
58%
9 5 4 Zazie
57%
21 14 7 Daniel Balavoine
51%
18 10 8 France Gall
47%
9 3 6 Charles Aznavour
46%
17 6 11 Michel Sardou
46%
7 3 4 Garou
44%
8 4 4 Florent Pagny
42%
15 7 8 Renaud
42%
12 6 6 Laurent Voulzy
40%
18 9 9 Alain Souchon
39%
10 5 5 Jacques Brel
39%
10 8 2 Eddy Mitchell
38%
20 6 14 Julien Clerc
37%
7 6 1 Téléphone
36%
18 10 8 Francis Cabrel
34%
7 3 4 Jacques Dutronc
30%
15 4 11 Claude François
29%
16 2 14 Michel Polnareff
29%
13 4 9 Marc Lavoine
28%
9 4 5 Jean-Louis Aubert
26%
8 6 2 Mylène Farmer
26%
8 5 3 Patricia Kaas
22%
8 4 4 Serge Gainsbourg
22%
7 4 3 Françoise Hardy
21%
8 1 7 Michel Delpech
19%
7 3 4 Dalida
15%
11 2 9 Joe Dassin
15%
8 1 7 Sylvie Vartan
13%
Aucun quiz correspondant
Distribution des résultats
% des personnes avec chaque résultat
Percentile par nombre de réponses
Votre historique - résultats
Vous n’avez pas pris ce quiz